Anubad: (Record no. 7537)

MARC details
000 -LEADER
fixed length control field 00619cam a2200217ua 4500
005 - DATE AND TIME OF LATEST TRANSACTION
control field 20260515114332.0
008 - FIXED-LENGTH DATA ELEMENTS--GENERAL INFORMATION
fixed length control field 150130n ii |||gr||||Z||||||asm
020 ## - INTERNATIONAL STANDARD BOOK NUMBER
International Standard Book Number 9788173394409
040 ## - CATALOGING SOURCE
Transcribing agency MAIN
Original cataloging agency IN-DiNC
041 ## - LANGUAGE CODE
Language code of sung or spoken text asm
082 ## - DEWEY DECIMAL CLASSIFICATION NUMBER
Classification number 418.02
Item number BEZ
100 ## - MAIN ENTRY--PERSONAL NAME
Personal name Bezborah, Nirajana Mahanta,
Relator term author
245 1# - TITLE STATEMENT
Title Anubad:
Remainder of title tattva aru prayog /
Statement of responsibility, etc. by Nirajana Mahanta Bezborah .
250 ## - EDITION STATEMENT
Edition statement 1st ed.
260 ## - PUBLICATION, DISTRIBUTION, ETC.
Place of publication, distribution, etc. Dibrugarh:
Name of publisher, distributor, etc. Banalata,
Date of publication, distribution, etc. 2011.
300 ## - PHYSICAL DESCRIPTION
Extent 240p.
650 ## - SUBJECT ADDED ENTRY--TOPICAL TERM
Topical term or geographic name entry element Theory and practice of translation
653 ## - INDEX TERM--UNCONTROLLED
Uncontrolled term Standard usage & applied linguistics
653 ## - INDEX TERM--UNCONTROLLED
Uncontrolled term Translation
942 ## - ADDED ENTRY ELEMENTS (KOHA)
Koha item type Books
Source of classification or shelving scheme Dewey Decimal Classification
Holdings
Withdrawn status Lost status Source of classification or shelving scheme Damaged status Not for loan Collection Home library Current library Shelving location Date acquired Cost, normal purchase price Total checkouts Full call number Barcode Date last seen Date last checked out Copy number Price effective from Koha item type
    Dewey Decimal Classification       Naharkatiya College Library Naharkatiya College Library General stacks 09/19/2020 280.00 2 418.02 BEZ 20596 08/19/2025 08/07/2025 1 09/19/2020 Books
    Dewey Decimal Classification       Naharkatiya College Library Naharkatiya College Library General stacks 09/19/2020 280.00 7 418.02 BEZ 20597 11/11/2025 10/23/2025 2 09/19/2020 Books
    Dewey Decimal Classification       Naharkatiya College Library Naharkatiya College Library General stacks 09/19/2020 280.00 3 418.02 BEZ 20598 09/27/2025 09/02/2025 3 09/19/2020 Books
    Dewey Decimal Classification       Naharkatiya College Library Naharkatiya College Library General stacks 09/19/2020 280.00 5 418.02 BEZ 20599 09/27/2025 09/27/2025 4 09/19/2020 Books
    Dewey Decimal Classification       Naharkatiya College Library Naharkatiya College Library General stacks 10/11/2023 280.00 3 418.02 BEZ 29712 10/11/2025 09/27/2025 5 10/11/2023 Books
    Dewey Decimal Classification       Naharkatiya College Library Naharkatiya College Library General stacks 10/11/2023 280.00 2 418.02 BEZ 29713 10/15/2025 09/19/2025 6 10/11/2023 Books
    Dewey Decimal Classification       Naharkatiya College Library Naharkatiya College Library General stacks 10/11/2023 280.00 2 418.02 BEZ 29714 11/11/2025 09/27/2025 7 10/11/2023 Books
    Dewey Decimal Classification       Naharkatiya College Library Naharkatiya College Library General stacks 09/20/2025 360.00 1 418.02 BEZ 31030 11/13/2025 10/13/2025 8 09/20/2025 Books
    Dewey Decimal Classification       Naharkatiya College Library Naharkatiya College Library General stacks 09/20/2025 360.00 1 418.02 BEZ 31031 11/22/2025 09/27/2025 9 09/20/2025 Books
    Dewey Decimal Classification       Naharkatiya College Library Naharkatiya College Library General stacks 09/20/2025 360.00 1 418.02 BEZ 31032 10/13/2025 09/27/2025 10 09/20/2025 Books